[Event "Hradec Kralove Region-chT 2223"]
[Site "Czech Republic"]
[Date "2022.12.11"]
[Round "5.3"]
[White "Prazak, Matous"]
[Black "Sedivy, Martin"]
[Result "1/2-1/2"]
[WhiteElo "1914"]
[BlackElo "2105"]
[PlyCount "97"]
[EventDate "2022.10.09"]
[EventType "team-tourn"]
[EventRounds "11"]
[EventCountry "CZE"]
[SourceTitle "EXT 2024"]
[Source "ChessBase"]
[SourceDate "2023.10.10"]
[SourceVersion "1"]
[SourceVersionDate "2023.10.10"]
[SourceQuality "1"]

1. c4 Nf6 2. Nc3 e6 3. e4 d5 4. e5 d4 5. exf6 dxc3 6. bxc3 Qxf6 7. d4 Nd7 8. Nf3 h6 9. Bd3 g5 10. 0-0 Bd6 11. Nd2 Qe7 12. Ne4 b6 13. Nxd6+ Qxd6 14. Be4 c6 15. f4 Bb7 16. g3 g4 17. f5 e5 18. dxe5 Qxd1 19. Rxd1 Nxe5 20. c5 Rd8 21. Bf4 f6 22. Rxd8+ Kxd8 23. Rd1+ Ke7 24. Rd6 bxc5 25. Re6+ Kf7 26. Bxe5 fxe5 27. Bxc6 Rb8 28. Bxb7 Rxb7 29. Rxe5 Rb1+ 30. Kf2 Ra1 31. Rxc5 Rxa2+ 32. Ke3 Rxh2 33. Kf4 h5 34. Kg5 h4 35. Rc7+ Ke8 36. Kxg4 hxg3 37. Kxg3 Rc2 38. Kf4 a5 39. Ke5 Kd8 40. Ra7 Rxc3 41. Ke6 Rc6+ 42. Kd5 Rc7 43. Rxa5 Ke7 44. Ke5 Kf7 45. Rd5 Ra7 46. Rd6 Ra5+ 47. Kf4 Ra1 48. Kg5 Rg1+ 49. Kf4 1/2-1/2

[Event "Hradec Kralove Region-chT 2223"]
[Site "Czech Republic"]
[Date "2022.11.13"]
[Round "3.2"]
[White "Stanek, Petr"]
[Black "Prazak, Matous"]
[Result "0-1"]
[WhiteElo "1913"]
[BlackElo "1876"]
[PlyCount "100"]
[EventDate "2022.10.09"]
[EventType "team-tourn"]
[EventRounds "11"]
[EventCountry "CZE"]
[SourceTitle "EXT 2024"]
[Source "ChessBase"]
[SourceDate "2023.10.10"]
[SourceVersion "1"]
[SourceVersionDate "2023.10.10"]
[SourceQuality "1"]

1. e4 d6 2. d4 Nf6 3. Nc3 Nbd7 4. Bc4 e5 5. Nf3 Be7 6. h3 c6 7. dxe5 dxe5 8. 0-0 Qc7 9. Be3 b5 10. Bd3 0-0 11. Qe2 Nc5 12. Bg5 Re8 13. Nd2 Bd7 14. Kh1 Rad8 15. Qe3 Ne6 16. Bh4 Nf4 17. Nf3 h6 18. Bg3 N6h5 19. Rad1 Nxg3+ 20. fxg3 Ne6 21. Be2 Bc5 22. Qc1 Nd4 23. Bd3 Qa5 24. Qa1 Nxf3 25. Rxf3 Be6 26. a3 Qb6 27. Ne2 a5 28. g4 Rd7 29. Ng3 g6 30. Qc1 Kg7 31. Rdf1 Be7 32. Nf5+ gxf5 33. gxf5 Bg5 34. Rg3 Kf6 35. fxe6+ Kxe6 36. Rxg5 hxg5 37. Qxg5 Kd6 38. Be2 Kc7 39. Bg4 Rde7 40. Bh5 Qc5 41. Qg7 Qxc2 42. Rxf7 Qc1+ 43. Kh2 Qf4+ 44. g3 Rxf7 45. gxf4 Rxg7 46. Bxe8 exf4 47. Bh5 Kd6 48. Bg4 Ke5 49. Bf5 f3 50. h4 f2 0-1

[Event "Hradec Kralove op"]
[Site "Hradec Kralove"]
[Date "2014.10.19"]
[Round "2"]
[White "Prazak, Matous"]
[Black "Nemcova, Kamila"]
[Result "1/2-1/2"]
[WhiteElo "1844"]
[BlackElo "1660"]
[PlyCount "53"]
[EventDate "2014.10.18"]
[EventType "swiss"]
[EventRounds "9"]
[EventCountry "CZE"]
[SourceTitle "EXT 2015"]
[Source "ChessBase"]
[SourceDate "2014.11.20"]
[SourceVersion "1"]
[SourceVersionDate "2014.11.20"]
[SourceQuality "1"]

1. e4 d5 2. exd5 Qxd5 3. Nc3 Qa5 4. Nf3 Nf6 5. Be2 e5 6. 0-0 c6 7. d3 Bf5 8. Re1 Bd6 9. Ng5 Nbd7 10. Be3 0-0 11. Nge4 Be7 12. Bg5 h6 13. Bxf6 Nxf6 14. Nd2 Be6 15. Bf3 Nd7 16. Bg4 f5 17. Bh3 Qb6 18. Nb3 Bd6 19. Ne4 Be7 20. Ned2 Rae8 21. d4 Bd6 22. dxe5 Nxe5 23. Nf3 Bd5 24. Nbd4 g6 25. Kh1 Re7 26. Qd2 Kh7 27. c3 1/2-1/2

[Event "Hradec Kralove op"]
[Site "Hradec Kralove"]
[Date "2014.10.18"]
[Round "1"]
[White "Kraus, Tomas"]
[Black "Prazak, Matous"]
[Result "1-0"]
[WhiteElo "2405"]
[BlackElo "1844"]
[PlyCount "57"]
[EventDate "2014.10.18"]
[EventType "swiss"]
[EventRounds "9"]
[EventCountry "CZE"]
[SourceTitle "EXT 2015"]
[Source "ChessBase"]
[SourceDate "2014.11.20"]
[SourceVersion "1"]
[SourceVersionDate "2014.11.20"]
[SourceQuality "1"]

1. e4 d6 2. d4 Nf6 3. Nc3 c6 4. f4 e6 5. Nf3 Nbd7 6. e5 Nd5 7. Ne4 dxe5 8. fxe5 b5 9. a4 b4 10. Bg5 f6 11. exf6 gxf6 12. Bd2 Qc7 13. Nh4 Nb8 14. Be2 Be7 15. Bh5+ Kd8 16. 0-0 Rg8 17. Qc1 Na6 18. c4 bxc3 19. bxc3 c5 20. c4 f5 21. Ng5 Nf6 22. Nf7+ Ke8 23. Nd6+ Kd8 24. Nb5 Qb6 25. Qe1 Nb4 26. Bf3 Nc2 27. Qd1 Nxa1 28. Bf4 Ne8 29. dxc5+ 1-0

[Event "CZE-chTE U20 1314"]
[Site "Czech Republic"]
[Date "2014.01.25"]
[Round "7.4"]
[White "Prazak, Matous"]
[Black "Melichar, Vojtech"]
[Result "1-0"]
[WhiteElo "1818"]
[BlackElo "1939"]
[PlyCount "121"]
[EventDate "2013.10.12"]
[EventType "team-tourn"]
[EventRounds "11"]
[EventCountry "CZE"]
[SourceTitle "EXT 2015"]
[Source "ChessBase"]
[SourceDate "2014.11.20"]
[SourceVersion "1"]
[SourceVersionDate "2014.11.20"]
[SourceQuality "1"]
[WhiteTeam "Hradec Kralove (U20)"]
[BlackTeam "Polabiny (U20)"]
[WhiteTeamCountry "CZE"]
[BlackTeamCountry "CZE"]

1. e4 c5 2. Nf3 d6 3. d4 cxd4 4. Nxd4 Nf6 5. Nc3 a6 6. Be2 e5 7. Nf3 h6 8. 0-0 Be6 9. h3 Nbd7 10. Be3 Be7 11. Nd2 0-0 12. Kh1 b5 13. a3 Qc7 14. f4 exf4 15. Bxf4 Ne5 16. Nf3 Rac8 17. Nd4 Bd7 18. Qe1 Ng6 19. Bh2 Qc5 20. Rd1 Rfe8 21. Qd2 Rcd8 22. Bf3 Ne5 23. Nb3 Qc7 24. Bxe5 dxe5 25. Nd5 Nxd5 26. exd5 Qd6 27. Na5 Bg5 28. Qf2 Qc7 29. b4 Bc8 30. Be2 e4 31. c4 e3 32. Qf3 bxc4 33. Bxc4 Rd6 34. Qe2 Qe7 35. Nc6 Qe4 36. Rd4 Qg6 37. a4 Re4 38. Bd3 Rxd4 39. Bxg6 Rd2 40. Bxf7+ Kh8 41. Qf3 Rf6 42. Qxf6 Bxf6 43. Re1 e2 44. Kh2 Bc3 45. Bh5 Rxd5 46. Rxe2 Rxh5 47. Re8+ Kh7 48. Rxc8 Rh4 49. b5 Rxa4 50. b6 Bd2 51. Rf8 Bf4+ 52. Rxf4 Rxf4 53. b7 Rf6 54. b8Q Rxc6 55. Qb7 Rf6 56. Qe4+ Kg8 57. g4 Kf7 58. h4 g5 59. Qb7+ Kg8 60. hxg5 hxg5 61. Qd5+ 1-0

[Event "Hradec Kralove op"]
[Site "Hradec Kralove"]
[Date "2013.05.17"]
[Round "4"]
[White "Paldus, Petr"]
[Black "Prazak, Matous"]
[Result "1-0"]
[WhiteElo "2013"]
[BlackElo "1784"]
[PlyCount "43"]
[EventDate "2013.05.15"]
[EventType "swiss"]
[EventRounds "9"]
[EventCountry "CZE"]
[SourceTitle "CBM 154 Extra"]
[Source "ChessBase"]
[SourceDate "2013.06.25"]
[SourceVersion "2"]
[SourceVersionDate "2013.06.25"]
[SourceQuality "1"]

1. e4 d6 2. d4 Nf6 3. Nc3 c6 4. Nf3 g6 5. Bd3 Bg7 6. 0-0 b5 7. Be3 a6 8. h3 Nbd7 9. Qd2 Qc7 10. Bh6 0-0 11. Ne2 c5 12. c3 e6 13. Ng3 Bb7 14. Rfe1 Qb6 15. e5 dxe5 16. dxe5 Nd5 17. Nh5 Bh8 18. Bxf8 Rxf8 19. Qh6 Rd8 20. Be4 Ne7 21. Ng5 Nf8 22. Nf6+ 1-0

[Event "Czech Fed-ch U16"]
[Site "Hrdonov"]
[Date "2012.10.25"]
[Round "7"]
[White "Janska, Jitka"]
[Black "Prazak, Matous"]
[Result "1-0"]
[WhiteElo "1897"]
[BlackElo "1759"]
[PlyCount "105"]
[EventDate "2012.10.20"]
[EventType "swiss"]
[EventRounds "9"]
[EventCountry "CZE"]
[SourceTitle "CBM 151 Extra"]
[Source "ChessBase"]
[SourceDate "2012.12.18"]
[SourceVersion "1"]
[SourceVersionDate "2012.12.18"]
[SourceQuality "1"]

1. e4 d6 2. d4 g6 3. Nf3 Bg7 4. Nc3 Nf6 5. Be2 c6 6. 0-0 0-0 7. h3 Qc7 8. Be3 Nbd7 9. Qd2 b5 10. a3 Bb7 11. Rfd1 a6 12. Nh2 c5 13. dxc5 Nxc5 14. f3 Rac8 15. Ng4 Rfd8 16. Nxf6+ Bxf6 17. Bd4 Bxd4+ 18. Qxd4 Ne6 19. Qf2 Nf4 20. Rd2 d5 21. exd5 Nxd5 22. Nxd5 Rxd5 23. Rxd5 Bxd5 24. Rd1 Be6 25. c3 Rd8 26. Rxd8+ Qxd8 27. Qd4 Qxd4+ 28. cxd4 Kf8 29. Kf2 Ke8 30. a4 Bd7 31. axb5 Bxb5 32. Bxb5+ axb5 33. d5 Kd7 34. Ke3 Kd6 35. Kd4 g5 36. g3 h5 37. h4 f6 38. f4 gxh4 39. gxh4 b4 40. b3 e6 41. dxe6 Kxe6 42. Ke4 Kd6 43. Kf5 Ke7 44. Kg6 Ke6 45. Kxh5 Kf5 46. Kh6 Kxf4 47. Kg6 Kg4 48. h5 f5 49. h6 f4 50. h7 f3 51. h8Q f2 52. Qh1 Kf4 53. Qf1 1-0

[Event "Kouty nad Desnou op-B"]
[Site "Kouty nad Desnou"]
[Date "2010.03.12"]
[Round "8"]
[White "Bednar, Petr"]
[Black "Prazak, Matous"]
[Result "1-0"]
[WhiteElo "1840"]
[BlackElo "1614"]
[PlyCount "65"]
[EventDate "2010.03.06"]
[EventType "swiss"]
[EventRounds "9"]
[EventCountry "CZE"]
[SourceTitle "EXT 2012"]
[Source "ChessBase"]
[SourceDate "2011.11.24"]
[SourceVersion "1"]
[SourceVersionDate "2011.11.24"]
[SourceQuality "1"]

1. Nf3 Nc6 2. d4 e6 3. Bf4 d5 4. e3 Bd6 5. Bg3 Nf6 6. Nbd2 Bxg3 7. hxg3 Ne7 8. c3 Bd7 9. Qc2 c6 10. Ne5 Rg8 11. Bd3 Ng6 12. f3 Qc7 13. Bxg6 hxg6 14. g4 Ke7 15. 0-0-0 b5 16. Nb3 Bc8 17. g5 Nd7 18. Nxd7 Bxd7 19. f4 a5 20. Nc5 Qa7 21. Kd2 Rh8 22. e4 Kd6 23. Qd3 Rab8 24. f5 gxf5 25. Qg3+ Ke7 26. exf5 Rbg8 27. f6+ gxf6 28. gxf6+ Kd8 29. Rxh8 Rxh8 30. Qg7 Rh2 31. Qf8+ Be8 32. Qd6+ Bd7 33. Qxh2 1-0

[Event "Kouty nad Desnou op-B"]
[Site "Kouty nad Desnou"]
[Date "2010.03.10"]
[Round "6"]
[White "Prazak, Matous"]
[Black "Kocandova, Martina"]
[Result "0-1"]
[WhiteElo "1614"]
[BlackElo "1761"]
[PlyCount "86"]
[EventDate "2010.03.06"]
[EventType "swiss"]
[EventRounds "9"]
[EventCountry "CZE"]
[SourceTitle "EXT 2012"]
[Source "ChessBase"]
[SourceDate "2011.11.24"]
[SourceVersion "1"]
[SourceVersionDate "2011.11.24"]
[SourceQuality "1"]

1. e4 e5 2. Nf3 Nc6 3. Bb5 a6 4. Bxc6 dxc6 5. Nxe5 Qd4 6. Nf3 Qxe4+ 7. Qe2 Qxe2+ 8. Kxe2 Bg4 9. h3 Bh5 10. Re1 0-0-0 11. g4 Bg6 12. d3 Bd6 13. Nc3 Nf6 14. Bg5 Rde8+ 15. Kf1 Nd5 16. Bd2 Nb4 17. Rxe8+ Rxe8 18. Ne1 Nxc2 19. Rd1 Nxe1 20. Bxe1 f5 21. g5 f4 22. Kg2 f3+ 23. Kf1 Bh2 24. Bd2 Bf5 25. Be3 Bxh3+ 26. Ke1 Bf4 27. Kd2 Bxe3+ 28. fxe3 f2 29. e4 f1Q 30. Rxf1 Bxf1 31. d4 h5 32. gxh6 gxh6 33. Ke3 Rf8 34. d5 Bc4 35. Kd4 cxd5 36. exd5 Bxa2 37. Nxa2 h5 38. Nc3 h4 39. Ne2 h3 40. Ng3 h2 41. b4 Rg8 42. Nh1 Rg1 43. Nf2 Rf1 0-1

[Event "CZE Czechia-ch U14"]
[Site "Harrachov"]
[Date "2009.10.30"]
[Round "8"]
[White "Cap, Adam"]
[Black "Prazak, Matous"]
[Result "1-0"]
[WhiteElo "1665"]
[BlackElo "1589"]
[PlyCount "49"]
[EventDate "2009.10.24"]
[EventType "swiss"]
[EventRounds "9"]
[EventCountry "CZE"]
[SourceTitle "EXT 2012"]
[Source "ChessBase"]
[SourceDate "2011.11.24"]
[SourceVersion "1"]
[SourceVersionDate "2011.11.24"]
[SourceQuality "1"]

1. e4 e5 2. Nf3 Nc6 3. Bc4 Bc5 4. 0-0 Nf6 5. d3 0-0 6. Re1 d6 7. c3 Bg4 8. Nbd2 Qd7 9. b4 Bb6 10. Qc2 a6 11. Bb2 Rfe8 12. a3 Rad8 13. d4 exd4 14. cxd4 Bxf3 15. Nxf3 d5 16. exd5 Nxd5 17. Qb3 Nf6 18. d5 Nb8 19. d6 cxd6 20. Ng5 Rxe1+ 21. Rxe1 Rf8 22. Qd3 g6 23. Bxf6 Re8 24. Rxe8+ Qxe8 25. Bxf7+ 1-0

[Event "CZE Czechia-ch U14"]
[Site "Harrachov"]
[Date "2009.10.29"]
[Round "7"]
[White "Prazak, Matous"]
[Black "Hornicek, Pavel"]
[Result "1-0"]
[WhiteElo "1589"]
[BlackElo "1780"]
[PlyCount "77"]
[EventDate "2009.10.24"]
[EventType "swiss"]
[EventRounds "9"]
[EventCountry "CZE"]
[SourceTitle "EXT 2012"]
[Source "ChessBase"]
[SourceDate "2011.11.24"]
[SourceVersion "1"]
[SourceVersionDate "2011.11.24"]
[SourceQuality "1"]

1. e4 e5 2. Nf3 Nc6 3. d4 exd4 4. Nxd4 Bc5 5. Be3 Qf6 6. c3 Bb6 7. Bc4 Nge7 8. 0-0 d6 9. Nc2 0-0 10. Bxb6 axb6 11. Nd2 Qg6 12. Ne3 Be6 13. a3 Ne5 14. f3 Rad8 15. Qe2 Nxc4 16. Ndxc4 Rfe8 17. Rfe1 Nc6 18. Qf2 b5 19. Nd2 Ne5 20. Qf1 Bd7 21. c4 bxc4 22. Ndxc4 Nc6 23. Nd5 Rc8 24. Rac1 Nd4 25. Qd3 c5 26. Ndb6 Bb5 27. Qe3 Rc6 28. b4 f5 29. a4 fxe4 30. fxe4 Rxb6 31. Nxb6 Bc6 32. Qg3 Qh6 33. Rcd1 Bxe4 34. bxc5 dxc5 35. Nc4 Bc6 36. Rxe8+ Bxe8 37. Re1 Bc6 38. Qb8+ Kf7 39. Ne5+ 1-0

[Event "CZE-ch U12"]
[Site "Kouty nad Desnou"]
[Date "2009.03.10"]
[Round "5"]
[White "Prazak, Matous"]
[Black "Kaluzny, Matyas"]
[Result "1-0"]
[WhiteElo "1520"]
[BlackElo "1745"]
[PlyCount "97"]
[EventDate "2009.03.07"]
[EventType "swiss"]
[EventRounds "9"]
[EventCountry "CZE"]
[SourceTitle "EXT 2011"]
[Source "ChessBase"]
[SourceDate "2010.11.26"]
[SourceVersion "1"]
[SourceVersionDate "2010.11.26"]
[SourceQuality "1"]

1. e4 c5 2. Nf3 Nc6 3. d4 cxd4 4. Nxd4 Nf6 5. Nc3 e5 6. Nxc6 bxc6 7. Bd3 Bb4 8. Bd2 0-0 9. 0-0 d5 10. exd5 cxd5 11. a3 Ba5 12. b4 Bb6 13. Na4 e4 14. Be2 d4 15. Bg5 h6 16. Bh4 g5 17. Bg3 Bd7 18. Nxb6 Qxb6 19. Be5 d3 20. cxd3 exd3 21. Qxd3 Rfd8 22. Bxf6 Qxf6 23. Rfe1 Bg4 24. Qc2 Rac8 25. Qa2 Be6 26. Qb1 Bf5 27. Qb3 Rc2 28. Rad1 Rdd2 29. Rxd2 Rxd2 30. Qe3 Ra2 31. Bb5 Be6 32. a4 Qb2 33. Qxa7 Qxb4 34. Qb8+ Kg7 35. Qe5+ Kg8 36. h3 Qd2 37. Qe2 Qxe2 38. Rxe2 Kf8 39. Rxa2 Bxa2 40. Kf1 Ke7 41. Ke2 Kd6 42. Kf3 Bd5+ 43. Kg3 Ke5 44. f3 h5 45. a5 h4+ 46. Kf2 Kf4 47. a6 f5 48. Bd7 Ba8 49. Bc8 1-0

[Event "CZE-ch U12"]
[Site "Kouty nad Desnou"]
[Date "2009.03.09"]
[Round "4"]
[White "Rydl, Jiri"]
[Black "Prazak, Matous"]
[Result "1-0"]
[WhiteElo "1503"]
[BlackElo "1520"]
[PlyCount "45"]
[EventDate "2009.03.07"]
[EventType "swiss"]
[EventRounds "9"]
[EventCountry "CZE"]
[SourceTitle "EXT 2011"]
[Source "ChessBase"]
[SourceDate "2010.11.26"]
[SourceVersion "1"]
[SourceVersionDate "2010.11.26"]
[SourceQuality "1"]

1. e4 c5 2. c3 Nc6 3. d4 cxd4 4. cxd4 e6 5. Nf3 Nf6 6. Nc3 Bb4 7. Bd3 Bxc3+ 8. bxc3 d5 9. exd5 Nxd5 10. Qc2 h6 11. Ba3 a6 12. 0-0 b5 13. Bc5 Qa5 14. Rfc1 Bd7 15. Rab1 Nde7 16. a4 bxa4 17. Nd2 0-0 18. Nc4 Qc7 19. Nd6 Rfb8 20. Rxb8+ Rxb8 21. Bxa6 Qa5 22. Bd3 Nd5 23. Bh7+ 1-0

[Event "CZE-ch U12"]
[Site "Kouty nad Desnou"]
[Date "2009.03.07"]
[Round "1"]
[White "Prazak, Matous"]
[Black "Chromik, Tomas"]
[Result "1-0"]
[WhiteElo "1520"]
[BlackElo "1748"]
[PlyCount "51"]
[EventDate "2009.03.07"]
[EventType "swiss"]
[EventRounds "9"]
[EventCountry "CZE"]
[SourceTitle "EXT 2011"]
[Source "ChessBase"]
[SourceDate "2010.11.26"]
[SourceVersion "1"]
[SourceVersionDate "2010.11.26"]
[SourceQuality "1"]

1. e4 c5 2. Nf3 e6 3. d4 cxd4 4. Nxd4 a6 5. Nc3 Qc7 6. Be2 Nf6 7. 0-0 b5 8. Bf3 Bb7 9. e5 b4 10. exf6 bxc3 11. fxg7 Bxg7 12. Bxb7 Qxb7 13. bxc3 Rg8 14. g3 Nc6 15. Be3 f5 16. Rb1 Qc7 17. Qh5+ Kf8 18. Qxh7 Rh8 19. Qg6 Ne5 20. Bf4 Qxc3 21. Bxe5 Bxe5 22. Nxe6+ dxe6 23. Rb7 Bc7 24. Qxe6 Qe5 25. Qd7 Rxh2 26. Rxc7 1-0

[Event "CZE-ch U10"]
[Site "Sec u Chrudimi"]
[Date "2007.03.16"]
[Round "8"]
[White "Homola, Jan"]
[Black "Prazak, Matous"]
[Result "1-0"]
[WhiteElo "1440"]
[BlackElo "1250"]
[PlyCount "87"]
[EventDate "2007.03.10"]
[EventType "swiss"]
[EventRounds "9"]
[EventCountry "CZE"]
[SourceTitle "EXT 2008"]
[Source "ChessBase"]
[SourceDate "2007.11.25"]
[SourceVersion "1"]
[SourceVersionDate "2007.11.25"]
[SourceQuality "1"]

1. e4 c5 2. Nf3 Nc6 3. d4 cxd4 4. Nxd4 Qb6 5. Nxc6 bxc6 6. Bd3 e6 7. 0-0 d5 8. Nc3 Nf6 9. exd5 Nxd5 10. Nxd5 cxd5 11. Re1 Bc5 12. Be3 Bxe3 13. Rxe3 Qxb2 14. c4 dxc4 15. Bxc4 Bd7 16. Rb1 Qf6 17. Rd3 Rd8 18. Rb7 Qe7 19. Bb5 0-0 20. Rbxd7 Rxd7 21. Rxd7 Qc5 22. a4 h6 23. h3 Qb6 24. Qd6 Qxd6 25. Rxd6 g5 26. Rd7 Kg7 27. Rxa7 Kg6 28. g4 f5 29. Ra6 Rf6 30. Bd7 fxg4 31. hxg4 e5 32. Rxf6+ Kxf6 33. a5 Ke7 34. a6 Kxd7 35. a7 Ke6 36. a8Q e4 37. Qxe4+ Kf6 38. Kg2 h5 39. gxh5 g4 40. Kg3 Kf7 41. Kxg4 Kg7 42. Qf5 Kg8 43. Qd7 Kh8 44. h6 1-0

[Event "CZE-ch U10"]
[Site "Sec u Chrudimi"]
[Date "2007.03.15"]
[Round "7"]
[White "Prazak, Matous"]
[Black "Vyhnalek, Lukas"]
[Result "0-1"]
[WhiteElo "1250"]
[BlackElo "1500"]
[PlyCount "64"]
[EventDate "2007.03.10"]
[EventType "swiss"]
[EventRounds "9"]
[EventCountry "CZE"]
[SourceTitle "EXT 2008"]
[Source "ChessBase"]
[SourceDate "2007.11.25"]
[SourceVersion "1"]
[SourceVersionDate "2007.11.25"]
[SourceQuality "1"]

1. e4 e5 2. Nf3 Nf6 3. Nc3 Nc6 4. d4 exd4 5. Nxd4 Bb4 6. Nxc6 bxc6 7. Qf3 0-0 8. Bd2 d5 9. e5 Bxc3 10. Bxc3 Ne4 11. 0-0-0 Qg5+ 12. Kb1 Bg4 13. Qe3 Qxe3 14. fxe3 Bxd1 15. Bd3 Nxc3+ 16. bxc3 Bg4 17. h3 Be6 18. g4 Rfe8 19. g5 Bd7 20. h4 Rxe5 21. Re1 Bf5 22. Bxf5 Rxf5 23. e4 dxe4 24. Rxe4 Rf1+ 25. Kb2 Rb8+ 26. Ka3 g6 27. h5 gxh5 28. g6 hxg6 29. Re7 Rf3 30. Rxf7 Rxc3+ 31. Ka4 Rxc2 32. Rxc7 Rxa2# 0-1

[Event "CZE-ch U10"]
[Site "Sec u Chrudimi"]
[Date "2007.03.12"]
[Round "4"]
[White "Toman, Ondrej"]
[Black "Prazak, Matous"]
[Result "1-0"]
[WhiteElo "1277"]
[BlackElo "1250"]
[PlyCount "75"]
[EventDate "2007.03.10"]
[EventType "swiss"]
[EventRounds "9"]
[EventCountry "CZE"]
[SourceTitle "EXT 2008"]
[Source "ChessBase"]
[SourceDate "2007.11.25"]
[SourceVersion "1"]
[SourceVersionDate "2007.11.25"]
[SourceQuality "1"]

1. e4 c5 2. Nf3 Nc6 3. d4 cxd4 4. Nxd4 Qb6 5. Nf3 d6 6. Nc3 Nf6 7. Bd3 e6 8. b3 Be7 9. Be3 Qc7 10. Qd2 Bd7 11. 0-0 0-0 12. Rad1 Rac8 13. Ne2 Rfd8 14. Rfe1 a6 15. Ng3 d5 16. Bf4 Qb6 17. exd5 Nxd5 18. Be3 Qc7 19. c4 Nxe3 20. Qxe3 b6 21. Be4 Bc5 22. Qe2 a5 23. Qc2 f5 24. Bxc6 Bxc6 25. Rxd8+ Rxd8 26. Rxe6 Bxf3 27. gxf3 f4 28. Ne2 Qf7 29. Qe4 Rd7 30. Nxf4 Bd6 31. Ng2 Bb4 32. h3 Rd1+ 33. Kh2 Bd6+ 34. f4 Rd2 35. Kg3 Rxa2 36. Rxd6 g6 37. Qd4 Re2 38. Ne3 1-0